Responsabilità ex lege aquila criteri de imputazione e problema della culpa
Gespeichert in:
| 1. Verfasser: | |
|---|---|
| Format: | Buch |
| Sprache: | Italienisch |
| Veröffentlicht: |
Turín
G. Giappichelli
1969
|
| Schriftenreihe: | Memorie dell'Istituto Giuridico, 131
|
| Schlagworte: | |
| Tags: |
Tag hinzufügen
Keine Tags, Fügen Sie den ersten Tag hinzu!
|
MARC
| LEADER | 00000nam a2200000 a 4500 | ||
|---|---|---|---|
| 001 | UCR1265 | ||
| 003 | CL-VaPUC | ||
| 008 | 971212e19690000IT |||||||||||||||||ita|d | ||
| 082 | 0 | 4 | |a 340.5401 |b SCH |2 21 |
| 100 | 0 | |a Schipani, Sandro |e author |9 398321 | |
| 245 | 1 | 0 | |a Responsabilità ex lege aquila criteri de imputazione e problema della culpa |
| 300 | |a 506 p | ||
| 942 | |c BK | ||
| 945 | |d 19971212 00:00:00 |a aolguin | ||
| 260 | |a Turín |b G. Giappichelli |c 1969 | ||
| 650 | 0 | |a Derecho romano |9 255930 | |
| 650 | 7 | |a FUENTES |2 CL-VaPUC |9 255666 | |
| 650 | 0 | |a Responsabilidad |9 308399 | |
| 650 | 7 | |a RESPONSABILIDAD CIVIL |2 CL-VaPUC |9 398322 | |
| 650 | 0 | |a Personas |9 255751 | |
| 650 | 0 | |a Daño |9 383182 | |
| 650 | 7 | |a CULPA AQUILIANA |2 CL-VaPUC |9 398323 | |
| 583 | |a last modification |c 19971212 00:00:00 |k Rodrigo Vera | ||
| 490 | 0 | |a Memorie dell'Istituto Giuridico, 131 | |
| 999 | |c 264740 |d 264738 | ||
| 952 | |0 0 |1 0 |4 0 |6 340_540100000000000_SCH_1969 |7 0 |8 DER_ROM |9 295147 |a BIBDER |b BIBDER |d 2019-11-19 |i 1918648 |o 340.5401 SCH 1969 |p 1918648 |r 2023-01-25 |w 2019-11-19 |x Ubicación 4to piso |y BK |z Este recurso debe solicitarse con anticipación |k DER | ||